[Event "DEM U14 2009"]
[Site "Willingen GER"]
[Date "2009.06.04"]
[Round "7"]
[White "Hampel, Felix"]
[Black "Friedrich, Wiede"]
[Result "0-1"]
[Termination "normal"]
[Board "1"]
[WhiteElo "1976"]
[BlackElo "2028"]
[PlyCount "142"]
[WhiteFideId "24668125"]
[BlackFideId "24629537"]
[EventCountry "GER"]
[EventRounds "9"]
[EventType "swiss"]
[EventDate "2009.05.30"]

1. e4 e5 2. Nf3 Nc6 3. Bb5 a6 4. Ba4 Nf6 5. Qe2 Be7 6. O-O b5 7. Bb3 O-O 8. c3
Re8 9. d4 exd4 10. cxd4 d5 11. e5 Ne4 12. Nc3 Nxc3 13. bxc3 Bf5 14. Bf4 Na5 15.
Bc2 Qc8 16. Rad1 Nc4 17. Rfe1 b4 18. Bb3 bxc3 19. Bxc4 dxc4 20. Qxc4 Rb8 21.
Rf1 c2 22. Ra1 Rb4 23. Qc3 c5 24. Bd2 cxd4 25. Qxc8 Rxc8 26. Bxb4 Bxb4 27. Nxd4
Bd3 28. Nxc2 Bxc2 29. f4 g6 30. Rf3 Bc3 31. Rc1 Bb2 32. Re1 Bd4+ 33. Kf1 Ba4
34. Rb1 Bb5+ 35. Ke1 Rc2 36. a4 Bc6 37. Rd3 Bf2+ 38. Kd1 Bxa4 39. Rd2 Ra2+ 40.
Ke2 Bb5+ 41. Kd1 Rxd2+ 42. Kxd2 Kf8 43. g4 g5 44. fxg5 Bh4 45. Ke3 Bxg5+ 46.
Kd4 Ke7 47. Kd5 Bd7 48. Ra1 Bc8 49. Kc6 Bf4 50. h4 Bxe5 51. Re1 Kf6 52. g5+ Kf5
53. Rf1+ Kg6 54. Kd5 Bg3 55. Rf6+ Kg7 56. h5 Be6+ 57. Ke4 Bh4 58. h6+ Kf8 59.
Rf3 Bxg5 60. Ra3 Bc4 61. Rc3 Bb5 62. Rc8+ Ke7 63. Rh8 Bc6+ 64. Kf5 Bf6 65. Rb8
a5 66. Rb3 Bd7+ 67. Ke4 a4 68. Re3 Bb2 69. Kd3+ Be6 70. Kc2 a3 71. Rf3 f5 0-1

[Event "DEM U14 2009"]
[Site "Willingen GER"]
[Date "2009.06.04"]
[Round "7"]
[White "Kaphle, Sebastian"]
[Black "Powierski, Emil"]
[Result "1-0"]
[Termination "normal"]
[Board "2"]
[WhiteElo "2120"]
[BlackElo "1857"]
[PlyCount "61"]
[WhiteFideId "24626708"]
[BlackFideId "4656199"]
[EventCountry "GER"]
[EventRounds "9"]
[EventType "swiss"]
[EventDate "2009.05.30"]

1. e4 c5 2. Nf3 d6 3. d4 cxd4 4. Nxd4 Nf6 5. Nc3 a6 6. Be3 e5 7. Nf3 Qc7 8. Be2
Be7 9. a4 O-O 10. O-O Be6 11. Ng5 Bd7 12. a5 h6 13. Nf3 Be6 14. Nd5 Nxd5 15.
exd5 Bf5 16. c4 Nd7 17. b4 Bg6 18. Qb3 Rac8 19. Rfd1 Kh8 20. Rac1 f5 21. Rc3 f4
22. Bc1 Bh7 23. Bb2 Nf6 24. Rdc1 Ne4 25. Bd3 Qb8 26. Qc2 Nf6 27. Bxh7 Nxh7 28.
Qg6 Rf6 29. Qg4 b6 30. axb6 Qxb6 31. Qxc8+ 1-0

[Event "DEM U14 2009"]
[Site "Willingen GER"]
[Date "2009.06.04"]
[Round "7"]
[White "Klek, Hanna Marie"]
[Black "Neumair, Jerome"]
[Result "0-1"]
[Termination "normal"]
[Board "3"]
[WhiteElo "1992"]
[BlackElo "1988"]
[PlyCount "98"]
[WhiteFideId "24670057"]
[BlackFideId "24672637"]
[EventCountry "GER"]
[EventRounds "9"]
[EventType "swiss"]
[EventDate "2009.05.30"]

1. e4 e6 2. d4 d5 3. exd5 exd5 4. c4 Bb4+ 5. Nc3 Ne7 6. Nf3 Bf5 7. Be2 O-O 8.
O-O Nbc6 9. Be3 Bxc3 10. bxc3 b6 11. cxd5 Nxd5 12. Bd2 Nf6 13. Bg5 Qd6 14. Qc1
Nd5 15. c4 Ndb4 16. Qd2 Rfe8 17. Rac1 Rxe2 18. Qxe2 Bd3 19. Qd2 Bxf1 20. Kxf1
a5 21. Re1 f6 22. Bf4 Qd7 23. a3 Na6 24. Qe3 Kf8 25. d5 Ne7 26. Nd4 Nc5 27. Qg3
Rc8 28. Nb5 Nxd5 29. Nd6 Nxf4 30. Nxc8 Qxc8 31. Qxf4 Nd3 32. Qe4 Nxe1 33. Kxe1
Qe8 34. Qxe8+ Kxe8 35. Kd2 Kd7 36. Kd3 Kd6 37. Kd4 a4 38. f4 g5 39. fxg5 fxg5
40. g4 h6 41. h3 c6 42. c5+ Kc7 43. cxb6+ Kxb6 44. Kc4 c5 45. Kd3 Kb5 46. Kc3
Kc6 47. Kc4 Kd6 48. Kb5 Kd5 49. Kxa4 c4 0-1

[Event "DEM U14 2009"]
[Site "Willingen GER"]
[Date "2009.06.04"]
[Round "7"]
[White "Miller, Eduard"]
[Black "Mons, Leon"]
[Result "1/2-1/2"]
[Termination "normal"]
[Board "4"]
[WhiteElo "1783"]
[BlackElo "2134"]
[PlyCount "83"]
[WhiteFideId "24687022"]
[BlackFideId "4614950"]
[EventCountry "GER"]
[EventRounds "9"]
[EventType "swiss"]
[EventDate "2009.05.30"]

1. e4 e5 2. Nf3 Nc6 3. d4 exd4 4. Nxd4 Bb4+ 5. c3 Bc5 6. Be3 Bb6 7. Qg4 Qf6 8.
Qg3 d6 9. Nb5 Bxe3 10. Nxc7+ Kd8 11. Nd5 Bxf2+ 12. Qxf2 Qxf2+ 13. Kxf2 Be6 14.
Be2 Bxd5 15. exd5 Ne5 16. Nd2 Nf6 17. c4 Re8 18. h3 Kd7 19. Rhe1 Rec8 20. Ke3
b5 21. b3 Rab8 22. Rab1 Ke7 23. Kd4 Nfd7 24. Ne4 f5 25. Ng5 Kf6 26. Ne6 g5 27.
Rec1 bxc4 28. bxc4 Rb6 29. Rb3 Ra6 30. Rc2 Ra4 31. Rb7 Kg6 32. g3 Ra3 33. Rb5
Ra4 34. Rb7 h6 35. h4 gxh4 36. gxh4 Kf6 37. h5 Ra3 38. Rb3 Ra5 39. a3 Ra4 40.
Rcc3 Rg8 41. Rg3 Rxg3 42. Rxg3 1/2-1/2

[Event "DEM U14 2009"]
[Site "Willingen GER"]
[Date "2009.06.04"]
[Round "7"]
[White "Pauly, Carlo"]
[Black "Carow, Johannes"]
[Result "1-0"]
[Termination "normal"]
[Board "5"]
[WhiteElo "2025"]
[BlackElo "1805"]
[PlyCount "65"]
[WhiteFideId "24673269"]
[BlackFideId "24692050"]
[EventCountry "GER"]
[EventRounds "9"]
[EventType "swiss"]
[EventDate "2009.05.30"]

1. d4 Nf6 2. c4 e6 3. Nc3 Bb4 4. Qc2 Nc6 5. Nf3 d6 6. a3 Bxc3+ 7. Qxc3 O-O 8.
b4 e5 9. dxe5 Ne4 10. Qe3 f5 11. Bb2 Qe7 12. exd6 Qxd6 13. c5 Qd5 14. Rd1 Qa2
15. Qc1 a5 16. e3 Be6 17. b5 Nb8 18. Be2 Kh8 19. O-O c6 20. Ng5 Bd5 21. Nxe4
fxe4 22. Qc3 Rg8 23. f3 Qb3 24. fxe4 Qxc3 25. Bxc3 Bb3 26. Rb1 Bc2 27. Rb2 Bxe4
28. Rf7 cxb5 29. Bf3 Bxf3 30. gxf3 b4 31. axb4 axb4 32. Rxb4 Ra7 33. Rg4 1-0

[Event "DEM U14 2009"]
[Site "Willingen GER"]
[Date "2009.06.04"]
[Round "7"]
[White "Mundorf, Johannes"]
[Black "Kyas, Philipp"]
[Result "1/2-1/2"]
[Termination "normal"]
[Board "6"]
[WhiteElo "1688"]
[BlackElo "1921"]
[PlyCount "83"]
[WhiteFideId "24672491"]
[BlackFideId "24670936"]
[EventCountry "GER"]
[EventRounds "9"]
[EventType "swiss"]
[EventDate "2009.05.30"]

1. d4 Nf6 2. Nf3 c5 3. e3 g6 4. Bd3 Bg7 5. b3 b6 6. Bb2 Bb7 7. c4 d6 8. d5 Na6
9. a3 Nc7 10. e4 e5 11. O-O Nh5 12. Ne1 Nf4 13. g3 Nxd3 14. Nxd3 O-O 15. f4 f6
16. fxe5 fxe5 17. Nc3 Qe7 18. Qe2 h5 19. Rxf8+ Rxf8 20. Rf1 Bc8 21. Rxf8+ Bxf8
22. Bc1 Bd7 23. Ne1 Bg4 24. Qf2 Bg7 25. Nf3 Bxf3 26. Qxf3 Qd7 27. Kg2 b5 28.
Qe2 b4 29. axb4 cxb4 30. Na4 Na6 31. Be3 Bf8 32. Qf2 Qg4 33. Bxa7 Qxe4+ 34. Qf3
Qc2+ 35. Kh3 Be7 36. Nb6 e4 37. Qe3 g5 38. g4 hxg4+ 39. Kxg4 Qg2+ 40. Qg3 Qe2+
41. Kh3 Qf1+ 42. Kg4 1/2-1/2

[Event "DEM U14 2009"]
[Site "Willingen GER"]
[Date "2009.06.04"]
[Round "7"]
[White "Davydov, Ruven"]
[Black "Möhn, Hans"]
[Result "1-0"]
[Termination "normal"]
[Board "7"]
[WhiteElo "1914"]
[BlackElo "1953"]
[PlyCount "51"]
[WhiteFideId "24666068"]
[BlackFideId "24647837"]
[EventCountry "GER"]
[EventRounds "9"]
[EventType "swiss"]
[EventDate "2009.05.30"]

1. e4 g6 2. d4 Bg7 3. c4 d6 4. Nc3 Nf6 5. Be2 O-O 6. f4 c5 7. d5 b5 8. cxb5 a6
9. Nf3 Bb7 10. O-O axb5 11. Bxb5 Qb6 12. Bc4 Na6 13. e5 Ne8 14. b3 Rd8 15. Bb2
Nac7 16. Qc2 Qa7 17. Rad1 Bh6 18. f5 Bf4 19. Qe4 dxe5 20. fxg6 Nf6 21. gxf7+
Kh8 22. Qe2 Ng4 23. Nxe5 Bxh2+ 24. Kh1 Bxe5 25. Nb5 Nf6 26. Rxf6 1-0

[Event "DEM U14 2009"]
[Site "Willingen GER"]
[Date "2009.06.04"]
[Round "7"]
[White "Grewenig, Jan"]
[Black "Moritz, Aron"]
[Result "1/2-1/2"]
[Termination "normal"]
[Board "9"]
[WhiteElo "1882"]
[BlackElo "1983"]
[PlyCount "43"]
[WhiteFideId "4657330"]
[BlackFideId "24672319"]
[EventCountry "GER"]
[EventRounds "9"]
[EventType "swiss"]
[EventDate "2009.05.30"]

1. e4 c5 2. Nf3 d6 3. d4 cxd4 4. Nxd4 Nf6 5. Nc3 Bd7 6. Be2 e5 7. Nb3 Bc6 8.
Bg5 Nbd7 9. f3 a6 10. Qd2 Be7 11. O-O O-O 12. a4 h6 13. Be3 Rc8 14. Rfd1 Qc7
15. a5 Rfd8 16. Rac1 d5 17. exd5 Nxd5 18. Nxd5 Bxd5 19. Qe1 Be6 20. Qg3 Kh8 21.
f4 Bxb3 22. cxb3 1/2-1/2

[Event "DEM U14 2009"]
[Site "Willingen GER"]
[Date "2009.06.04"]
[Round "7"]
[White "Pältz, Sebastian"]
[Black "Kügel, Tobias"]
[Result "1-0"]
[Termination "normal"]
[Board "10"]
[WhiteElo "1830"]
[BlackElo "1918"]
[PlyCount "33"]
[WhiteFideId "24648027"]
[BlackFideId "4636295"]
[EventCountry "GER"]
[EventRounds "9"]
[EventType "swiss"]
[EventDate "2009.05.30"]

1. e4 e5 2. Bc4 Bc5 3. Nf3 Nc6 4. c3 Nf6 5. d3 d6 6. Nbd2 Na5 7. Bb5+ c6 8. Ba4
b5 9. b4 Bxf2+ 10. Kxf2 bxa4 11. bxa5 Qxa5 12. Nc4 Qc5+ 13. Be3 Nxe4+ 14. dxe4
Qxc4 15. Qxd6 Qxe4 16. Bc5 Qc2+ 17. Kg1 1-0

[Event "DEM U14 2009"]
[Site "Willingen GER"]
[Date "2009.06.04"]
[Round "7"]
[White "Marquardt, Patrick"]
[Black "Rührmund, Daniel"]
[Result "1/2-1/2"]
[Termination "normal"]
[Board "11"]
[WhiteElo "1986"]
[BlackElo "1879"]
[PlyCount "35"]
[WhiteFideId "4670086"]
[BlackFideId "24674583"]
[EventCountry "GER"]
[EventRounds "9"]
[EventType "swiss"]
[EventDate "2009.05.30"]

1. e4 c5 2. Nf3 e6 3. d4 cxd4 4. Nxd4 a6 5. Nc3 Qc7 6. g3 Nf6 7. Bg2 Nc6 8. O-O
Be7 9. Kh1 O-O 10. Nxc6 bxc6 11. f4 d5 12. g4 Ne8 13. g5 Nd6 14. Re1 Bb7 15.
Qg4 dxe4 16. Nxe4 Nxe4 17. Bxe4 c5 18. Qg2 1/2-1/2

[Event "DEM U14 2009"]
[Site "Willingen GER"]
[Date "2009.06.04"]
[Round "7"]
[White "Göbel, Constantin"]
[Black "Müller, Alexander"]
[Result "1/2-1/2"]
[Termination "normal"]
[Board "12"]
[WhiteElo "1885"]
[BlackElo "1961"]
[PlyCount "89"]
[WhiteFideId "24647071"]
[BlackFideId "4624696"]
[EventCountry "GER"]
[EventRounds "9"]
[EventType "swiss"]
[EventDate "2009.05.30"]

1. e4 c5 2. Nf3 e6 3. d4 cxd4 4. Nxd4 Nc6 5. Be3 Qc7 6. Nc3 a6 7. Be2 Nf6 8.
O-O Bb4 9. Na4 Be7 10. Nxc6 bxc6 11. Nb6 Rb8 12. Nxc8 Qxc8 13. Qd4 c5 14. Qc3
O-O 15. Bf4 Rb6 16. Bf3 d5 17. e5 Nd7 18. Rab1 f6 19. b3 fxe5 20. Bxe5 Nxe5 21.
Qxe5 Bd6 22. Qe2 Rf6 23. g3 Qf8 24. Bg2 Qf7 25. a4 Bc7 26. Qe3 Rb8 27. Kh1 Bd6
28. Qe2 a5 29. f4 Rb6 30. Qd2 Ra6 31. Qd3 Ra7 32. Rbe1 g6 33. Qe2 Kg7 34. Bh3
Re7 35. Qb5 e5 36. fxe5 Rxe5 37. Qxa5 Rxe1 38. Qxe1 Rxf1+ 39. Bxf1 Qf5 40. Qd1
d4 41. Bg2 Qe5 42. Qf3 h5 43. Qe4 Qg5 44. Qe1 h4 45. gxh4 1/2-1/2

[Event "DEM U14 2009"]
[Site "Willingen GER"]
[Date "2009.06.04"]
[Round "7"]
[White "Gubela, Hans-Erich Constantin"]
[Black "Collmer, Dominik"]
[Result "0-1"]
[Termination "normal"]
[Board "13"]
[WhiteElo "1736"]
[BlackElo "1734"]
[PlyCount "64"]
[WhiteFideId "24692140"]
[BlackFideId "4620763"]
[EventCountry "GER"]
[EventRounds "9"]
[EventType "swiss"]
[EventDate "2009.05.30"]

1. e4 c5 2. Nf3 Nc6 3. d4 cxd4 4. Nxd4 Nf6 5. Nc3 d6 6. Be2 e5 7. Nb3 a5 8. a4
Be7 9. Be3 O-O 10. Qd2 Be6 11. Nd5 Nxe4 12. Nxe7+ Qxe7 13. Qd1 f5 14. O-O f4
15. Bb6 Rf6 16. f3 Ng5 17. Qd2 Rh6 18. Rf2 Qf7 19. Bf1 Bxb3 20. cxb3 Qxb3 21.
Bb5 Qf7 22. Rc1 Qh5 23. h3 e4 24. Qd5+ Kh8 25. fxe4 Nxh3+ 26. gxh3 Qxh3 27. e5
f3 28. Rxf3 Qh1+ 29. Kf2 Qxc1 30. Kg2 Rg6+ 31. Rg3 Qxb2+ 32. Bf2 Rf8 0-1

[Event "DEM U14 2009"]
[Site "Willingen GER"]
[Date "2009.06.04"]
[Round "7"]
[White "Stövesand, Peter"]
[Black "Stenzel, Jan"]
[Result "1-0"]
[Termination "normal"]
[Board "14"]
[WhiteElo "1687"]
[BlackElo "1677"]
[PlyCount "53"]
[WhiteFideId "1270624"]
[BlackFideId "12900052"]
[EventCountry "GER"]
[EventRounds "9"]
[EventType "swiss"]
[EventDate "2009.05.30"]

1. e4 c5 2. Nf3 d6 3. d4 cxd4 4. Nxd4 Nf6 5. Nc3 g6 6. Be3 Bg7 7. f3 Nc6 8. Qd2
O-O 9. O-O-O d5 10. exd5 Nxd5 11. Nxc6 bxc6 12. Bd4 Nxc3 13. Qxc3 Bh6+ 14. Kb1
e5 15. Qxc6 Bf5 16. Bd3 Bxd3 17. Rxd3 exd4 18. h4 Bg7 19. h5 Re8 20. hxg6 fxg6
21. Qc4+ Kh8 22. a3 Rc8 23. Qb3 Re2 24. f4 Rcxc2 25. Rxh7+ Kxh7 26. Rh3+ Bh6
27. Qf7+ 1-0

[Event "DEM U14 2009"]
[Site "Willingen GER"]
[Date "2009.06.05"]
[Round "8"]
[White "Friedrich, Wiede"]
[Black "Pauly, Carlo"]
[Result "0-1"]
[Termination "normal"]
[Board "1"]
[WhiteElo "2028"]
[BlackElo "2025"]
[PlyCount "88"]
[WhiteFideId "24629537"]
[BlackFideId "24673269"]
[EventCountry "GER"]
[EventRounds "9"]
[EventType "swiss"]
[EventDate "2009.05.30"]

1. e4 c5 2. Nf3 d6 3. d4 cxd4 4. Nxd4 Nf6 5. Nc3 a6 6. Bg5 e6 7. f4 Be7 8. Qf3
Nbd7 9. O-O-O Qc7 10. g4 h6 11. Bxf6 Bxf6 12. h4 Qb6 13. Nb3 Be7 14. g5 hxg5
15. hxg5 Rxh1 16. Qxh1 Qe3+ 17. Kb1 Qxf4 18. Qh8+ Bf8 19. g6 Qh6 20. Qg8 Qxg6
21. Rxd6 Nf6 22. Qh8 Nxe4 23. Rd8+ Kxd8 24. Qxf8+ Kc7 25. Qe7+ Bd7 26. Nxe4
Qxe4 27. Qxd7+ Kxd7 28. Nc5+ Ke7 29. Nxe4 f5 30. Nc5 g5 31. Nxb7 Rh8 32. Bg2
Rh2 33. Bc6 g4 34. c4 e5 35. c5 e4 36. Nd6 Rf2 37. Nxf5+ Rxf5 38. Bxe4 g3 39.
b4 Re5 40. Bf3 g2 41. Bxg2 Re1+ 42. Kc2 Re2+ 43. Kb3 Rxg2 44. a4 Rg4 0-1

[Event "DEM U14 2009"]
[Site "Willingen GER"]
[Date "2009.06.05"]
[Round "8"]
[White "Neumair, Jerome"]
[Black "Kaphle, Sebastian"]
[Result "1-0"]
[Termination "normal"]
[Board "2"]
[WhiteElo "1988"]
[BlackElo "2120"]
[PlyCount "101"]
[WhiteFideId "24672637"]
[BlackFideId "24626708"]
[EventCountry "GER"]
[EventRounds "9"]
[EventType "swiss"]
[EventDate "2009.05.30"]

1. d4 Nf6 2. c4 c5 3. d5 e6 4. Nc3 exd5 5. cxd5 d6 6. e4 g6 7. f4 Bg7 8. Bb5+
Nfd7 9. a4 Na6 10. Nf3 Nb4 11. O-O a6 12. Bd3 O-O 13. Re1 Re8 14. Be3 Rb8 15.
Bf2 Nf6 16. Bh4 Qc7 17. Bc4 Bg4 18. Rc1 Bxf3 19. Qxf3 Nd7 20. b3 Qa5 21. Qh3
Qc7 22. Qf3 Nb6 23. Bf1 Nc8 24. Bg3 Ne7 25. e5 Nf5 26. Ne4 Nxd5 27. Nxd6 Nxd6
28. Qxd5 Nf5 29. Qxc5 Qxc5+ 30. Rxc5 Nxg3 31. hxg3 Bf8 32. Rd5 Rec8 33. Red1
Rc3 34. R5d3 Rc5 35. Kh2 b5 36. Rd8 Rxd8 37. Rxd8 Rc3 38. axb5 axb5 39. Bxb5
Rxb3 40. Bc6 Rc3 41. Bd5 Rc7 42. g4 Kg7 43. f5 gxf5 44. gxf5 Bb4 45. Kg3 f6 46.
Rg8+ Kh6 47. exf6 Bd6+ 48. Kh4 Rc5 49. Rg5 Bg3+ 50. Kg4 Bh4 51. Rh5# 1-0

[Event "DEM U14 2009"]
[Site "Willingen GER"]
[Date "2009.06.05"]
[Round "8"]
[White "Schreiner, Till"]
[Black "Hampel, Felix"]
[Result "0-1"]
[Termination "normal"]
[Board "3"]
[WhiteElo "2082"]
[BlackElo "1976"]
[PlyCount "66"]
[WhiteFideId "24675555"]
[BlackFideId "24668125"]
[EventCountry "GER"]
[EventRounds "9"]
[EventType "swiss"]
[EventDate "2009.05.30"]

1. d4 Nf6 2. c4 g6 3. Nc3 Bg7 4. e4 d6 5. f3 O-O 6. Be3 c5 7. Nge2 Nc6 8. d5
Ne5 9. Ng3 e6 10. Be2 exd5 11. cxd5 a6 12. a4 Bd7 13. h3 b5 14. f4 Nc4 15. Bxc4
bxc4 16. O-O Rb8 17. e5 Ne8 18. Qe2 Qa5 19. Nge4 f5 20. Ng5 dxe5 21. Qxc4 Rxb2
22. Bxc5 Nd6 23. Bxd6 Rc8 24. Qxc8+ Bxc8 25. Nd1 Rc2 26. fxe5 Qd2 27. Rf2 Qd4
28. Rb1 Rd2 29. Nf3 Rxd1+ 30. Kh2 Qxd5 31. Rb8 Qc6 32. Rfb2 Rxd6 33. exd6 Bxb2
0-1

[Event "DEM U14 2009"]
[Site "Willingen GER"]
[Date "2009.06.05"]
[Round "8"]
[White "Powierski, Emil"]
[Black "Mundorf, Johannes"]
[Result "1/2-1/2"]
[Termination "normal"]
[Board "4"]
[WhiteElo "1857"]
[BlackElo "1688"]
[PlyCount "46"]
[WhiteFideId "4656199"]
[BlackFideId "24672491"]
[EventCountry "GER"]
[EventRounds "9"]
[EventType "swiss"]
[EventDate "2009.05.30"]

1. e4 e6 2. d4 d5 3. Nd2 Nf6 4. e5 Nfd7 5. f4 c5 6. c3 Nc6 7. Ndf3 Qb6 8. g3
Be7 9. Bh3 O-O 10. Kf1 Kh8 11. Kg2 cxd4 12. cxd4 f6 13. Ne2 fxe5 14. fxe5 Ndxe5
15. dxe5 Nxe5 16. Ned4 Nxf3 17. Nxf3 e5 18. Qxd5 Bxh3+ 19. Kxh3 Qf2 20. Nxe5
Qf5+ 21. g4 Qf2 22. Qe4 Qh4+ 23. Kg2 Qf2+ 1/2-1/2

[Event "DEM U14 2009"]
[Site "Willingen GER"]
[Date "2009.06.05"]
[Round "8"]
[White "Mons, Leon"]
[Black "Kyas, Philipp"]
[Result "1-0"]
[Termination "normal"]
[Board "5"]
[WhiteElo "2134"]
[BlackElo "1921"]
[PlyCount "61"]
[WhiteFideId "4614950"]
[BlackFideId "24670936"]
[EventCountry "GER"]
[EventRounds "9"]
[EventType "swiss"]
[EventDate "2009.05.30"]

1. e4 c6 2. d4 d5 3. f3 e6 4. Nc3 Bb4 5. Nge2 Ne7 6. Be3 Nd7 7. a3 Bd6 8. e5
Bc7 9. f4 b5 10. Ng1 Nb6 11. b3 O-O 12. Bd3 Nf5 13. Bf2 Qe7 14. Nce2 f6 15. Nf3
fxe5 16. fxe5 Bb7 17. O-O a6 18. c3 c5 19. Bxf5 Rxf5 20. dxc5 Nd7 21. Ned4 Nxe5
22. Nxf5 exf5 23. Bd4 Nxf3+ 24. Qxf3 g6 25. Rae1 Qf7 26. Qe3 Bc6 27. Qh6 Bd8
28. Rxf5 gxf5 29. Qxc6 Ra7 30. Re8+ Qf8 31. Qxd5+ 1-0

[Event "DEM U14 2009"]
[Site "Willingen GER"]
[Date "2009.06.05"]
[Round "8"]
[White "Davydov, Ruven"]
[Black "Klek, Hanna Marie"]
[Result "0-1"]
[Termination "normal"]
[Board "6"]
[WhiteElo "1914"]
[BlackElo "1992"]
[PlyCount "120"]
[WhiteFideId "24666068"]
[BlackFideId "24670057"]
[EventCountry "GER"]
[EventRounds "9"]
[EventType "swiss"]
[EventDate "2009.05.30"]

1. e4 c5 2. Nf3 d6 3. d4 cxd4 4. Nxd4 Nf6 5. Nc3 a6 6. Bg5 e6 7. f4 Qc7 8. Bxf6
gxf6 9. Qf3 Nd7 10. O-O-O b5 11. Qh5 Nb6 12. f5 e5 13. Ne6 Bxe6 14. fxe6 O-O-O
15. exf7 Kb8 16. Nd5 Nxd5 17. Rxd5 Qa5 18. Qh4 h5 19. Kb1 Be7 20. Be2 Rdf8 21.
Qh3 Rxf7 22. Qb3 Rg7 23. Bxb5 Ka7 24. Be2 Qb6 25. g3 Qxb3 26. cxb3 Kb6 27. Rc1
Rg5 28. Rc4 f5 29. Ra4 Ra8 30. b4 fxe4 31. b5 a5 32. Rxe4 Rf5 33. a4 Rf2 34.
Bxh5 Rxh2 35. Bd1 Rg8 36. g4 Rc8 37. Re2 Rh1 38. Red2 Rc4 39. Ka2 Rxd1 40. Rxd1
Rxa4+ 41. Kb1 Rxg4 42. Rc1 Rb4 43. Rc8 Rh4 44. Re8 Rh7 45. Ra8 e4 46. Re8 Kc7
47. Kc2 Rh2+ 48. Kc3 Bf6+ 49. Kb3 Rxb2+ 50. Ka4 Rb4+ 51. Kxa5 Bc3 52. b6+ Kd7
53. Ka6 Kxe8 54. Rxd6 Ke7 55. Rd1 Be5 56. b7 Rb3 57. Ka7 e3 58. Re1 Ke6 59.
b8=Q Bxb8+ 60. Ka8 Bg3 0-1

[Event "DEM U14 2009"]
[Site "Willingen GER"]
[Date "2009.06.05"]
[Round "8"]
[White "Grewenig, Jan"]
[Black "Miller, Eduard"]
[Result "0-1"]
[Termination "normal"]
[Board "7"]
[WhiteElo "1882"]
[BlackElo "1783"]
[PlyCount "96"]
[WhiteFideId "4657330"]
[BlackFideId "24687022"]
[EventCountry "GER"]
[EventRounds "9"]
[EventType "swiss"]
[EventDate "2009.05.30"]

1. e4 c5 2. Nf3 d6 3. d4 cxd4 4. Nxd4 Nf6 5. Nc3 g6 6. Be3 Bg7 7. Bc4 O-O 8. f3
Nc6 9. Qd2 Bd7 10. O-O-O Rc8 11. Bb3 Nxd4 12. Bxd4 b5 13. g4 a5 14. Nd5 Nxd5
15. Bxg7 Kxg7 16. Bxd5 e6 17. Bb7 Rb8 18. Bc6 Bxc6 19. Qc3+ Qf6 20. Qxc6 Qxf3
21. h4 Rfc8 22. Qxd6 Qxe4 23. Qd4+ Qxd4 24. Rxd4 Rc5 25. Rd7 Rc4 26. Rg1 Rf4
27. Rg2 Rc8 28. b3 Rc5 29. Kd2 Re5 30. Rb7 b4 31. c4 bxc3+ 32. Kxc3 Re3+ 33.
Kd2 Ree4 34. Ra7 a4 35. Rxa4 Rxa4 36. bxa4 Rxa4 37. Kd3 f5 38. gxf5 exf5 39. h5
Kf6 40. hxg6 hxg6 41. Ke3 g5 42. Rb2 Re4+ 43. Kf3 g4+ 44. Kf2 Ra4 45. Ke3 Kg5
46. Rb8 f4+ 47. Kd3 Rxa2 48. Ke4 Re2+ 0-1

[Event "DEM U14 2009"]
[Site "Willingen GER"]
[Date "2009.06.05"]
[Round "8"]
[White "Carow, Johannes"]
[Black "Pältz, Sebastian"]
[Result "1-0"]
[Termination "normal"]
[Board "8"]
[WhiteElo "1805"]
[BlackElo "1830"]
[PlyCount "63"]
[WhiteFideId "24692050"]
[BlackFideId "24648027"]
[EventCountry "GER"]
[EventRounds "9"]
[EventType "swiss"]
[EventDate "2009.05.30"]

1. d4 d5 2. c4 e6 3. Nc3 Nf6 4. cxd5 exd5 5. Bg5 Be7 6. e3 c6 7. Bd3 Nbd7 8.
Qc2 O-O 9. Nge2 Re8 10. O-O Nf8 11. Rab1 a5 12. a3 Ng6 13. b4 Bd6 14. Ng3 h6
15. Bxf6 Qxf6 16. Na4 axb4 17. axb4 Nh4 18. Rfc1 Qg5 19. Nb6 Rb8 20. b5 f5 21.
bxc6 f4 22. exf4 Bxf4 23. c7 Ra8 24. Nxa8 Bxc1 25. Rxc1 Qf6 26. Qb2 Re6 27. Qb4
Qf4 28. Re1 g6 29. Rxe6 Bxe6 30. Qe7 Qc1+ 31. Bf1 Qc6 32. Qxh4 1-0

[Event "DEM U14 2009"]
[Site "Willingen GER"]
[Date "2009.06.05"]
[Round "8"]
[White "Moritz, Aron"]
[Black "Marquardt, Patrick"]
[Result "1-0"]
[Termination "normal"]
[Board "9"]
[WhiteElo "1983"]
[BlackElo "1986"]
[PlyCount "119"]
[WhiteFideId "24672319"]
[BlackFideId "4670086"]
[EventCountry "GER"]
[EventRounds "9"]
[EventType "swiss"]
[EventDate "2009.05.30"]

1. e4 c5 2. Nf3 e6 3. d4 cxd4 4. Nxd4 a6 5. c4 Nf6 6. Bd3 Nc6 7. Nb3 Qc7 8. O-O
Be7 9. Nc3 Ne5 10. Bf4 d6 11. Rc1 O-O 12. h3 b6 13. Bh2 Bb7 14. f4 Nxd3 15.
Qxd3 Rfd8 16. f5 Rac8 17. Nd2 Nd7 18. b3 Ne5 19. Qe2 Bf6 20. Nf3 Qe7 21. Nxe5
dxe5 22. Rc2 Rd4 23. Bg3 Qd8 24. Bf2 Rd6 25. fxe6 fxe6 26. Be3 Bg5 27. Bxg5
Qxg5 28. Qf3 Qg6 29. Rcf2 h6 30. Qf7+ Qxf7 31. Rxf7 Bc6 32. Ra7 Rd3 33. Rf3
Rxf3 34. gxf3 a5 35. Ra6 Rb8 36. c5 Kf8 37. Rxb6 Rxb6 38. cxb6 Ke7 39. Nb5 Kd7
40. Na3 a4 41. b4 Bb7 42. Nc4 Ba6 43. Na5 Kc8 44. a3 Bb5 45. Kf2 g5 46. Kg3 h5
47. h4 gxh4+ 48. Kxh4 Be2 49. Kxh5 Bxf3+ 50. Kg5 Bxe4 51. Kf6 Bd5 52. Kxe5 Kb8
53. Kd6 Bb3 54. Nc6+ Kb7 55. Kc5 Kc8 56. Kb5 Kb7 57. Nd8+ Kb8 58. b7 Ka7 59.
Kc6 Bd5+ 60. Kc7 1-0

[Event "DEM U14 2009"]
[Site "Willingen GER"]
[Date "2009.06.05"]
[Round "8"]
[White "Müller, Alexander"]
[Black "Collmer, Dominik"]
[Result "1-0"]
[Termination "normal"]
[Board "10"]
[WhiteElo "1961"]
[BlackElo "1734"]
[PlyCount "65"]
[WhiteFideId "4624696"]
[BlackFideId "4620763"]
[EventCountry "GER"]
[EventRounds "9"]
[EventType "swiss"]
[EventDate "2009.05.30"]

1. e4 c5 2. Nf3 Nc6 3. d4 cxd4 4. Nxd4 Nf6 5. Nc3 d6 6. Bg5 e6 7. Qd2 a6 8.
O-O-O Bd7 9. f4 b5 10. Bxf6 gxf6 11. f5 Qb6 12. fxe6 fxe6 13. Nxc6 Qxc6 14. Qe2
Qc5 15. Qf3 Qg5+ 16. Kb1 Rc8 17. h4 Qe5 18. Bd3 b4 19. Ne2 a5 20. Rhf1 Be7 21.
Qe3 h5 22. Nf4 Kf7 23. Be2 Qc5 24. Qd3 a4 25. e5 dxe5 26. Qg6+ Kf8 27. Nxh5 Rg8
28. Rxf6+ Bxf6 29. Qxf6+ Ke8 30. Ng7+ Rxg7 31. Bh5+ Rf7 32. Bxf7+ Kf8 33. Bxe6+
1-0

[Event "DEM U14 2009"]
[Site "Willingen GER"]
[Date "2009.06.05"]
[Round "8"]
[White "Rührmund, Daniel"]
[Black "Möhn, Hans"]
[Result "0-1"]
[Termination "normal"]
[Board "11"]
[WhiteElo "1879"]
[BlackElo "1953"]
[PlyCount "84"]
[WhiteFideId "24674583"]
[BlackFideId "24647837"]
[EventCountry "GER"]
[EventRounds "9"]
[EventType "swiss"]
[EventDate "2009.05.30"]

1. e4 c5 2. Nc3 Nc6 3. g4 g6 4. d3 Bg7 5. Be3 d6 6. Bg2 Rb8 7. h3 e6 8. f4 Nge7
9. Nf3 Nd4 10. Bf2 b5 11. Nxd4 cxd4 12. Ne2 Qa5+ 13. Qd2 Qxd2+ 14. Kxd2 e5 15.
f5 Bh6+ 16. Kd1 b4 17. h4 f6 18. Bf3 a5 19. Be1 Ba6 20. Bd2 Bxd2 21. Kxd2 gxf5
22. gxf5 d5 23. Rhg1 dxe4 24. dxe4 Kf8 25. Nc1 Bb7 26. Bh1 Nc8 27. Nb3 Nd6 28.
Rae1 Nc4+ 29. Kc1 Rc8 30. Re2 a4 31. Nd2 Ne3 32. Nb1 Ba6 33. Rd2 Bd3 34. Na3
bxa3 35. Rxd3 Rxc2+ 36. Kb1 Rxb2+ 37. Kc1 Kf7 38. Rxa3 Rc2+ 39. Kb1 Rb8+ 40.
Ka1 Rcb2 41. Rb3 R8xb3 42. axb3 a3 0-1